00572nam a2200193Ia 4500008004100000020001400041050001000055050001600065245002600081260002000107260001600127260000900143300001600152440003600168440001200204650003300216999001900249952011000268160319s9999 xx 000 0 und d a0-1020096 a418.4 b.C536c 1980 aChildren Everywhere / aChicago, Ill :  bWorld Book. c1980 a304 pages ; aThe How and Why Library Series. vVol. 3. aEncyclopedias -- Children's. c291979d291979 001040aSSISBbSSISBcGSd2016-03-19l0o418.4 .C536c 1980pLS-2969r2016-03-19 00:00:00w2016-03-19yBK